000 00922nam a2200277 i 4500
001 bg
245 1 0 _aPrawo budowlane :
_bkomentarz /
_cred. Zygmunt Niewiadomski ; aut. Tomasz Asman [et al.].
250 _a2 wyd. zaktual. i uzup.
260 _aWarszawa :
_bWydawnictwo C. H. Beck,
_c2007.
300 _aXII, 879 s. ;
_c21 cm.
490 1 _aKomentarze Becka
504 _aWykaz aktów prawnych s. 867-873. Indeksy.
650 9 _aBudownictwo
_xprawo
_zPolska
_ystan na 2007 r.
700 1 _aNiewiadomski, Zygmunt
_d(1950- ).
_eRed.
700 1 _aAsman, Tomasz.
830 _aKomentarze Becka
020 _a9788374838559
040 _cBPK
041 0 _apol
044 _aPOL
080 _a349.44(438)(094.4)
920 _a978-83-7483-855-9
942 _cKS
008 s pl f |000 0 pol
999 _c54679
_d54679
856 _uhttp://koha.tu.koszalin.pl/cgi-bin/koha/opac-detail.pl?biblionumber=54679
_yKatalog online BPK